| 000 | 02111cam a22005894i 4500 | ||
|---|---|---|---|
| 003 | PE-LiUPU | ||
| 005 | 20250731170442.0 | ||
| 008 | 150625s r 000 0 d | ||
| 020 | _a8486193869 | ||
| 035 | _a(Sirsi) i9788486193867 | ||
| 040 |
_aPE-LiUPU _bspa _cPE-LiUPU _erda |
||
| 049 | _aPRUA | ||
| 082 | 0 | 4 |
_a173.5 _bF11 _221 |
| 100 | 1 |
_aFaber, Adele, _eautor. |
|
| 245 | 1 | 0 |
_aCómo hablar para que sus hijos le escuchen y cómo escuchar para que sus hijos le hablen / _cAdele Faber, Elaine Mazlish ; ilustraciones de Kimberly Ann Coe ; [traducción de Marta Pérez]. |
| 264 | 1 |
_aBarcelona : _bEdiciones Medici, _c1997. |
|
| 300 |
_a242 páginas : _bilustraciones ; _c21 centímetros |
||
| 336 |
_atext _2rdacontent |
||
| 337 |
_aunmediated _2rdamedia |
||
| 338 |
_avolume _2rdacarrier |
||
| 505 | 0 | _aCómo ayudar a los hijos a afrontar sus sentimientos. -Cómo propiciar la colaboración. -Alternativas al castigo . -Cómo estimular la autonomía. -El elogio. -Cómo huir de los encasillamientos. -Recapitulemos. | |
| 526 | _aSEG68 | ||
| 526 | _aSEG70 | ||
| 526 | _aSEG69 | ||
| 526 | _aSEG67 | ||
| 526 | _aSEG43 | ||
| 526 | _aP144 | ||
| 526 | _aP143 | ||
| 526 | _aP131 | ||
| 526 | _aP122 | ||
| 526 | _aP120 | ||
| 526 | _aP117 | ||
| 526 | _aP112 | ||
| 526 | _aP110 | ||
| 526 | _aP106 | ||
| 526 | _aP101 | ||
| 526 | _aP80 | ||
| 526 | _aP59 | ||
| 526 | _aP54 | ||
| 526 | _aP35 | ||
| 526 | _aP33 | ||
| 526 | _aP30 | ||
| 541 | _g001-027183; | ||
| 650 | 0 | 4 | _aComunicación en la familia. |
| 650 | 0 | 4 |
_aPadres e hijos. _92059 |
| 700 | 1 |
_aMazlish, Elaine, _eautor. |
|
| 942 |
_2ddc _cBOOK |
||
| 949 |
_a173.5 F11 _wDEWEY _c1 _i57708 _lCCODEBUL1 _mBUL _p41.00 _r0 _sY _tBOOK _u2015-6-25 _xSALUD _PP33 _0COMPRA _o.STAFF. Colección General |
||
| 994 |
_aC0 _bPEPRU |
||
| 596 | _a1 | ||
| 999 |
_a173.5 F11 _wDEWEY _c46711 _i57708 _e2017-4-24 _f2021-11-4 _g5 _lCCODEBUL1 _mBUL _n1 _p41.00 _r0 _sY _tBOOK _u2015-6-25 _xBIBLIOTECA _PP33 _0COMPRA _o.STAFF. Colección General _d46711 |
||
| 980 |
_81 _gALBERTO SANCHEZ Responsable de Automatización |
||